000
00250nam a2200097Ia 4500
001
696218
005
20250826162008.0
008
250824s9999 xx 000 0 und d
245
0
_a
YOLCULUKLAR ÜZERİNE/S.ZWEIG/EVEREST
_c
STEFAN ZWEIG
260
_b
EVEREST
999
_c
696218
_d
696218